| 000 | 01005nam a2200301 a 4500 | ||
|---|---|---|---|
| 001 | 000039247 | ||
| 003 | DO-SdBNP | ||
| 005 | 20180209124348.0 | ||
| 007 | 000039247 | ||
| 008 | 100512s2006 dr 000 j spa d | ||
| 040 |
_aBPMSU _bspa _cBPMSU |
||
| 082 | 0 | 4 |
_aRD863.5 _bM828e, 2006 |
| 100 | 1 |
_aMorales, Jesús, _d1980- |
|
| 245 | 1 | 0 |
_aError por una letra : _bcuentos, historietas y otras vainas / _cJesús Morales. |
| 260 |
_aSanto Domingo : _bCentenario, _c2006. |
||
| 300 |
_a102 p. ; _c21 cm. |
||
| 500 | _aIncluye datos biográficos del autor en la solapa de la cubierta | ||
| 650 | 4 | _aCUENTOS DOMINICANOS | |
| 650 | 4 | _aLITERATURA DOMINICANA | |
| 910 | _aValidado. Control de calidad MFF | ||
| 930 | 1 |
_l _m _8 _f _p _g |
|
| 942 |
_2ddc _cBK |
||
| 945 | _aTitulo rermanejado para la BNPHU | ||
| 956 |
_aYLOCKWARD _b10 _c20130618 _lBND01 _h0843 |
||
| 956 |
_aVMATEO _b10 _c20130618 _lBND01 _h0940 |
||
| 956 |
_aMFILETO _b40 _c20131016 _lBND01 _h1019 |
||
| 956 |
_aVMATEO _b10 _c20151002 _lBPMSU _h00151 |
||
| 999 |
_c7576 _d7576 |
||